000 00431nam a22001697a 4500
005 20251108164736.0
008 250721s1966 xx 000 0 ara d
082 1 4 _a808.4/محم
100 1 _aنجم، محمد يوسف
245 1 0 _aفن المقالة /
250 _aط4.
264 1 _aبيروت :
_bدار الثقافة،
_c1966.
300 _a159ص
650 1 7 _aالمقالات
942 _2ddc
_cBK
999 _c13232
_d13232